书目信息 |
| 题名: |
漫画家大课堂
|
|
| 作者: | 斗使 著 ;张敏 译 | |
| 分册: | 线条与阴影 | |
| 出版信息: | 南京 江苏凤凰美术出版社 2021.3 |
|
| 页数: | 175页 | |
| 开本: | 24cm | |
| 丛书名: | ||
| 单 册: | ||
| 中图分类: | J218.2 | |
| 科图分类: | ||
| 主题词: | 漫画--绘画技法 , 漫画--人物画技法 | |
| 电子资源: | ||
| ISBN: | 978-7-5580-8466-9 | |
| 000 | 00929nam0 2200253 45 | |
| 001 | 012001000977 | |
| 005 | 20130910105533.0 | |
| 010 | @a978-7-5580-8466-9@dCNY68.00 | |
| 100 | @a20210416d2021 em y0chiy0110 ea | |
| 101 | 1 | @achi@cjpn |
| 102 | @aCN@b320000 | |
| 105 | @aa z 000yy | |
| 106 | @ar | |
| 200 | 1 | @a漫画家大课堂@Aman hua jia da ke tang@i线条与阴影@f(日)斗使著@g张敏译 |
| 210 | @a南京@c江苏凤凰美术出版社@d2021.3 | |
| 215 | @a175页@c图@d24cm | |
| 330 | @a本书分为“介绍篇”“基础篇”和“实践篇”三部分。“介绍篇”从整体上简要介绍线条描绘方法和阴影画法。“基础篇”分别详细说明线描画法和阴影画法。“实践篇”通过红色批注介绍人物插画的各种绘画技法,并具体解说线条和阴影的绘画重点。 | |
| 606 | 0 | @a漫画@x绘画技法 |
| 606 | 0 | @a漫画@x人物画技法 |
| 690 | @aJ218.2@v5 | |
| 701 | 0 | @c(日)@a斗使@Adou shi@4著 |
| 702 | 0 | @a张敏@Azhang min@4译 |
| 801 | @aCN@b江苏凤凰@c20211018 | |
| 905 | @b1341736-9@dJ218.2@e1277@f4 | |
| 漫画家大课堂.线条与阴影/(日)斗使著/张敏译.-南京:江苏凤凰美术出版社,2021.3 |
| 175页:图;24cm |
| ISBN 978-7-5580-8466-9:CNY68.00 |
| 本书分为“介绍篇”“基础篇”和“实践篇”三部分。“介绍篇”从整体上简要介绍线条描绘方法和阴影画法。“基础篇”分别详细说明线描画法和阴影画法。“实践篇”通过红色批注介绍人物插画的各种绘画技法,并具体解说线条和阴影的绘画重点。 |
| ● |
| 相关链接 |
|
|
|
|
正题名:漫画家大课堂
索取号:J218.2/1277
 
预约/预借
| 序号 | 登录号 | 条形码 | 馆藏地/架位号 | 状态 | 备注 |
| 1 | 1341736 | 213417364 | 第一样本阅览室/ [索取号:J218.2/1277] | 在馆 | |
| 2 | 1341737 | 213417373 | 第一借阅区/ [索取号:J218.2/1277] | 在馆 | |
| 3 | 1341738 | 213417382 | 第一借阅区/ [索取号:J218.2/1277] | 在馆 | |
| 4 | 1341739 | 213417391 | 第一借阅区/ [索取号:J218.2/1277] | 在馆 |